000 00401nam a2200193Ia 4500
001 11551
003 GE_BSU
008 181216s||||||||xx |||||||||||||| ||und||
020 _a9780099414575
040 _cGE_BSU
100 _aLevis,susan.
245 _aStrange Allure
260 _aLondon
260 _bArrow
260 _c2000
300 _a632p;18sm.
653 _aStrange Allure
942 _cBK
999 _c44746
_d44746